000 00514cam a2200181ua 4500
003 OSt
008 241226b |||||||| |||| 00| 0 eng d
020 _a0-07-100469-6
041 _aeng
082 _a005.133
_bHAM/IN
100 _aHammond, Robert H .
_96617
245 _aIntroduction to fortran 77 and the personal computer /
260 _aNew York :
_bMcGraw Hill Book Company ,
_c1992.
300 _a413 ; .
700 1 _aCrittenden, John B .
_96618
700 1 _aRogers, William B .
_96619
942 _cBK
999 _c12224
_d12224